Online
Catalog
Normal view MARC view

Entry Término temático

Number of records used in: 1

001 - NÚMERO DE CONTROL

  • campo de control: 86405

003 - IDENTIFICADOR DEL NÚMERO DE CONTROL

  • campo de control: DO-SdBNP

005 - FECHA Y HORA DE LA ÚLTIMA TRANSACCIÓN

  • campo de control: 20240826115416.0

008 - DATOS DE LONGITUD FIJA

  • campo de control de longitud fija: 240826|| aca||aabn | a|a d

040 ## - FUENTE DE LA CATALOGACIÓN

  • Centro catalogador/agencia de origen: DO-SdBNP
  • Centro/agencia transcriptor: DO-SdBNP

150 ## - ENCABEZAMIENTO--TÉRMINO DE MATERIA

  • Término de materia o nombre geográfico como elemento de entrada: Arte dominicano
  • Subdivisión general: Historia
  • Subdivisión cronológica: 1844-2000

670 ## - FUENTE DE DATOS ENCONTRADOS

  • Cita de la fuente: Work cat.: (DO-SdBNP)35498: Miller, Jeannette, 1944- 83484, 1844-2000 arte dominicano escultura, instalaciones, medios no tradicionales y arte vitral /, 2002.

Powered by Koha